[Event "II Festival Capo d'Orso"]
[Site "Portomannu - Palau ITA"]
[Date "2008.05.21"]
[Round "6"]
[White "Hilarius, Sander"]
[Black "Marsili, Riccardo"]
[Result "1/2-1/2"]
[WhiteElo "2145"]
[BlackElo "1759"]
[PlyCount "56"]
[EventDate "2008.05.17"]

1. d4 d5 2. c4 c6 3. Nf3 e6 4. Nc3 Nf6 5. Bg5 Be7 6. e3 O-O 7. Qc2 h6 8. Bh4
Nbd7 9. Rd1 Nh5 10. Bxe7 Qxe7 11. a3 f5 12. Bd3 Nhf6 13. cxd5 cxd5 14. O-O a6
15. Qe2 b5 16. b4 Ne4 17. Rc1 Bb7 18. Nd2 Rac8 19. Bxe4 fxe4 20. Nb3 Nb6 21.
Nc5 Nc4 22. a4 bxa4 23. Nxb7 Qxb7 24. Nxa4 Qxb4 25. Nc5 Rxc5 26. dxc5 Qxc5 27.
Qg4 Qd6 28. Rb1 Qd7 1/2-1/2

[Event "II Festival Capo d'Orso"]
[Site "Portomannu - Palau ITA"]
[Date "2008.05.21"]
[Round "6"]
[White "Hocevar, Nikola"]
[Black "Haslinger, Stewart G."]
[Result "0-1"]
[WhiteElo "2111"]
[BlackElo "2500"]
[PlyCount "84"]
[EventDate "2008.05.17"]

1. c4 Nf6 2. Nc3 e5 3. g3 c6 4. Nf3 e4 5. Nd4 Qb6 6. Nc2 d5 7. cxd5 cxd5 8. Bg2
Nc6 9. O-O Be6 10. b3 Be7 11. Bb2 a6 12. d3 exd3 13. Qxd3 Rd8 14. Na4 Qb5 15.
Qxb5 axb5 16. Nc3 b4 17. Nb5 O-O 18. Nc7 Rc8 19. Nxe6 fxe6 20. Bh3 Kf7 21. a3
bxa3 22. Nxa3 Na5 23. Nb5 Nxb3 24. Ra7 Nc5 25. Ba3 Nfd7 26. Rb1 Ra8 27. Bxc5
Nxc5 28. Rba1 Rxa7 29. Rxa7 Rc8 30. Nd4 Rc7 31. Ra8 Bf6 32. Nb5 Rc6 33. Rb8 Be5
34. Ra8 Rb6 35. Na3 Rb2 36. Bf1 Ne4 37. Ra5 Bd4 38. e3 Bc5 39. Nb5 Bb6 40. Ra4
Ke7 41. Nd4 Nxf2 42. Ra3 Ng4 0-1

[Event "II Festival Capo d'Orso"]
[Site "Portomannu - Palau ITA"]
[Date "2008.05.21"]
[Round "6"]
[White "Ibba, Isacco"]
[Black "Bieg Pagel, Clemens"]
[Result "1-0"]
[WhiteElo "2222"]
[BlackElo "1988"]
[PlyCount "30"]
[EventDate "2008.05.17"]

1. d4 d5 2. Nc3 Nf6 3. Bg5 e6 4. Qd3 Be7 5. f3 Nc6 6. O-O-O O-O 7. e4 Nb4 8.
Qd2 c6 9. a3 Na6 10. Bxa6 bxa6 11. Nh3 Rb8 12. Nf2 Qa5 13. Bxf6 Bxa3 14. Qg5
Bxb2+ 15. Kd2 Qxc3+ 1-0

[Event "II Festival Capo d'Orso"]
[Site "Portomannu - Palau ITA"]
[Date "2008.05.21"]
[Round "6"]
[White "Marin, Mihail"]
[Black "Rowson, Jonathan"]
[Result "1/2-1/2"]
[WhiteElo "2556"]
[BlackElo "2582"]
[PlyCount "94"]
[EventDate "2008.05.17"]

1. c4 e5 2. Nc3 Nf6 3. Nf3 Nc6 4. g3 Bc5 5. Bg2 d6 6. d3 h6 7. O-O a6 8. a3 O-O
9. b4 Ba7 10. Bb2 Rb8 11. Rc1 Bd7 12. Nd2 Ne7 13. Nb3 Be6 14. a4 Qd7 15. b5 c6
16. Ba3 Rbd8 17. Rb1 Bh3 18. bxc6 bxc6 19. Ne4 Nxe4 20. dxe4 Bxg2 21. Kxg2 c5
22. Nc1 Qc6 23. Qc2 Bb6 24. Na2 Ba5 25. Bb2 Bb4 26. Bc3 a5 27. Ba1 f5 28. Nc3
Bxc3 29. Bxc3 fxe4 30. Bxa5 Ra8 31. Rb6 Qc7 32. Ra6 Qd7 33. Rxa8 Rxa8 34. Bc3
Rxa4 35. Rd1 Rxc4 36. Qb3 Qe6 37. Rxd6 Qxd6 38. Qxc4+ Qd5 39. Qxd5+ Nxd5 40.
Bxe5 c4 41. Kf1 g5 42. g4 e3 43. Ke1 c3 44. fxe3 c2 45. Kd2 Nxe3 46. Kc1 Nxg4
47. Bb8 Kf7 1/2-1/2

[Event "II Festival Capo d'Orso"]
[Site "Portomannu - Palau ITA"]
[Date "2008.05.21"]
[Round "6"]
[White "Mogranzini, Roberto"]
[Black "Weber, Meikel"]
[Result "1-0"]
[WhiteElo "2418"]
[BlackElo "2112"]
[PlyCount "77"]
[EventDate "2008.05.17"]

1. e4 e5 2. Nf3 Nf6 3. Nxe5 d6 4. Nf3 Nxe4 5. Bd3 Nc5 6. Be2 d5 7. d4 Ne4 8.
O-O Bd6 9. c4 c6 10. Nc3 O-O 11. Qb3 Qe7 12. Be3 Be6 13. cxd5 Nxc3 14. bxc3
Bxd5 15. c4 Be6 16. Rfe1 a5 17. d5 a4 18. Qd3 cxd5 19. cxd5 Bc8 20. Qd4 Nd7 21.
Rac1 Qf6 22. Qd2 Ne5 23. Ng5 Bf5 24. f4 Ng4 25. Bxg4 Bxg4 26. Ne4 Qd8 27. Nxd6
Qxd6 28. Bc5 Qd7 29. Bxf8 Rxf8 30. h3 Be6 31. Red1 Bf5 32. Qd4 h5 33. d6 Rd8
34. Rc7 Qe6 35. Qe5 Qg6 36. Qe7 Rf8 37. d7 Bxh3 38. Qxf8+ Kxf8 39. d8=Q# 1-0

[Event "II Festival Capo d'Orso"]
[Site "Portomannu - Palau ITA"]
[Date "2008.05.21"]
[Round "6"]
[White "Neri, Enzo"]
[Black "Ferrario, Enrico"]
[Result "1-0"]
[WhiteElo "2084"]
[BlackElo "1979"]
[PlyCount "125"]
[EventDate "2008.05.17"]

1. d4 Nc6 2. Nf3 Nf6 3. Bf4 d6 4. c4 g6 5. Nc3 Bg7 6. h3 O-O 7. e4 Re8 8. Be2
b6 9. O-O Bb7 10. d5 Nb8 11. g4 Nbd7 12. Nd2 a5 13. g5 Nh5 14. Bxh5 gxh5 15.
Rc1 Nc5 16. Nb3 Bc8 17. Nxc5 bxc5 18. Qxh5 Qd7 19. Kg2 Kh8 20. Rh1 e6 21. Qg4
Rg8 22. h4 Qe7 23. Qf3 Bb7 24. Bd2 Raf8 25. Kf1 f5 26. Nd1 fxe4 27. Qxe4 Rf5
28. Ne3 Re5 29. Qd3 exd5 30. cxd5 Rf8 31. Rh3 Qf7 32. Rh2 Qf4 33. Kg1 Qf3 34.
Rc3 Bxd5 35. Nxd5 Qxd5 36. f4 Qxd3 37. Rxd3 Re4 38. b3 a4 39. Kf2 axb3 40. axb3
Bd4+ 41. Kf3 d5 42. h5 Kg7 43. Rh1 c6 44. Rh4 Ra8 45. Kg4 Ra3 46. Rhh3 Ra2 47.
Kf5 Ra8 48. h6+ Kg8 49. Kg4 Kf7 50. Kh5 c4 51. bxc4 dxc4 52. Ra3 c3 53. Rxa8
cxd2 54. Rd3 Be3 55. Rad8 Bxf4 56. R8d7+ Ke6 57. g6 Re1 58. gxh7 Rh1+ 59. Kg4
Be5 60. Rxd2 Rxh6 61. Ra7 Bd6 62. Re2+ Be5 63. Ra5 1-0

[Event "II Festival Capo d'Orso"]
[Site "Portomannu - Palau ITA"]
[Date "2008.05.21"]
[Round "6"]
[White "Ori, Marco"]
[Black "Santiloni, Stefano"]
[Result "0-1"]
[WhiteElo "2141"]
[BlackElo "1596"]
[PlyCount "38"]
[EventDate "2008.05.17"]

1. e4 d6 2. d4 Nf6 3. Nc3 g6 4. h3 Bg7 5. Nf3 Nbd7 6. Be3 c6 7. a4 e5 8. dxe5
dxe5 9. Bc4 O-O 10. O-O Qe7 11. Qd2 Nc5 12. Bxc5 Qxc5 13. Bb3 Nh5 14. Rfd1 Nf4
15. Qd6 Qxd6 16. Rxd6 Ne6 17. a5 Nd4 18. Nxd4 exd4 19. Na4 Be5 0-1

[Event "II Festival Capo d'Orso"]
[Site "Portomannu - Palau ITA"]
[Date "2008.05.21"]
[Round "6"]
[White "Pagano, Nunzio"]
[Black "Klings, Peter"]
[Result "1/2-1/2"]
[WhiteElo "2008"]
[BlackElo "2173"]
[PlyCount "84"]
[EventDate "2008.05.17"]

1. b4 d6 2. Bb2 Nd7 3. c4 Ngf6 4. e3 g6 5. Nf3 Bg7 6. Nc3 e5 7. d4 O-O 8. Be2
Re8 9. a4 Qe7 10. O-O e4 11. Nd2 h5 12. a5 a6 13. b5 Nf8 14. Qc2 Bf5 15. Nd5
Qd8 16. Rfc1 Ne6 17. Nxf6+ Bxf6 18. Nb3 h4 19. bxa6 bxa6 20. c5 d5 21. c6 Be7
22. Ba3 Bd6 23. Bxd6 cxd6 24. Nd2 Qg5 25. Kh1 h3 26. g3 Rec8 27. Qd1 Nd8 28.
Qf1 Rxc6 29. Rxc6 Nxc6 30. Bxa6 Nb4 31. Bb7 Ra7 32. Qb5 Nd3 33. Kg1 Qg4 34. Kf1
Bd7 35. Qxd5 Rxb7 36. Qxb7 Qf5 37. Nxe4 d5 38. Qxd7 Qxe4 39. Qxh3 Qh1+ 40. Ke2
Qxa1 41. Kxd3 Qd1+ 42. Kc3 Qc1+ 1/2-1/2

[Event "II Festival Capo d'Orso"]
[Site "Portomannu - Palau ITA"]
[Date "2008.05.21"]
[Round "6"]
[White "Papale, Carmelo"]
[Black "Danieli, Enrico"]
[Result "0-1"]
[WhiteElo "1876"]
[BlackElo "2119"]
[PlyCount "83"]
[EventDate "2008.05.17"]

1. e4 c6 2. d4 d5 3. Nc3 dxe4 4. Nxe4 Nf6 5. Nxf6+ exf6 6. Nf3 Bd6 7. Bd3 O-O
8. Be3 Nd7 9. Qd2 c5 10. O-O-O Qc7 11. dxc5 Bxc5 12. Rhe1 Bxe3 13. Qxe3 Nc5 14.
Qe7 Nxd3+ 15. Rxd3 Qf4+ 16. Kb1 Be6 17. Rd4 Qh6 18. Red1 g5 19. Rd6 Rfe8 20.
Qxb7 f5 21. b3 Qh5 22. R1d2 Rab8 23. Qxa7 Ra8 24. Qb7 Reb8 25. Qc7 Rf8 26. Rd8
Kg7 27. Rxf8 Rxf8 28. Nd4 Bc8 29. Qe5+ f6 30. Nxf5+ Bxf5 31. Qxf5 Qxh2 32. Rd7+
Rf7 33. Rxf7+ Kxf7 34. g3 h5 35. a4 h4 36. gxh4 gxh4 37. a5 h3 38. Qd5+ Kg6 39.
a6 Qg1+ 40. Kb2 h2 41. a7 h1=Q 42. Qxh1 0-1

[Event "II Festival Capo d'Orso"]
[Site "Portomannu - Palau ITA"]
[Date "2008.05.21"]
[Round "6"]
[White "Pedrinzani, Ivano"]
[Black "Glienke, Manfred"]
[Result "0-1"]
[WhiteElo "1655"]
[BlackElo "2301"]
[PlyCount "78"]
[EventDate "2008.05.17"]

1. e4 c5 2. Nc3 Nc6 3. g3 g6 4. Bg2 Bg7 5. d3 d6 6. f4 e6 7. Nf3 Nge7 8. O-O
O-O 9. h3 Nd4 10. Ne2 Rb8 11. g4 f5 12. g5 Nec6 13. c3 Nxf3+ 14. Rxf3 b5 15. h4
b4 16. h5 Re8 17. Rh3 bxc3 18. bxc3 Ne7 19. Qe1 Qc7 20. Qh4 c4 21. d4 e5 22.
hxg6 hxg6 23. Rh2 Kf7 24. fxe5 dxe5 25. d5 Qc5+ 26. Qf2 Qxf2+ 27. Kxf2 Bd7 28.
Ba3 Rb5 29. Bd6 Nc8 30. Bb4 Rh8 31. Rxh8 Bxh8 32. a4 Rb8 33. a5 Bg7 34. Rh1 Ba4
35. Ng3 f4 36. Nf1 Bf8 37. Bh3 Bxb4 38. cxb4 Nd6 39. Be6+ Kg7 0-1

[Event "II Festival Capo d'Orso"]
[Site "Portomannu - Palau ITA"]
[Date "2008.05.21"]
[Round "6"]
[White "Piscopo, Pierluigi"]
[Black "Procacci, Sergio"]
[Result "1-0"]
[WhiteElo "2379"]
[BlackElo "2000"]
[PlyCount "71"]
[EventDate "2008.05.17"]

1. e4 d5 2. exd5 Qxd5 3. Nc3 Qa5 4. Nf3 Bg4 5. Be2 Nf6 6. h3 Bh5 7. b4 Qb6 8.
O-O e6 9. Rb1 Be7 10. d4 Qd6 11. b5 O-O 12. Rb3 Qd8 13. Ne5 Bg6 14. Bf3 Qc8 15.
h4 h5 16. Nxg6 fxg6 17. Qd3 Kh7 18. Ne4 Ng4 19. Bg5 Bf6 20. Bxf6 gxf6 21. Nc5
c6 22. bxc6 bxc6 23. Rb7+ Kh6 24. Qd2+ g5 25. Be4 Rh8 26. f4 f5 27. fxg5+ Kg6
28. Qf4 Rf8 29. Rc7 e5 30. Rxc8 exf4 31. Rxf8 fxe4 32. Nxe4 a5 33. R1xf4 c5 34.
Rg8+ Kh7 35. Rff8 Ra7 36. g6+ 1-0

[Event "II Festival Capo d'Orso"]
[Site "Portomannu - Palau ITA"]
[Date "2008.05.21"]
[Round "6"]
[White "Porzio, Massimo"]
[Black "Di Paola, Antonio"]
[Result "1-0"]
[WhiteElo "1896"]
[BlackElo "1755"]
[PlyCount "59"]
[EventDate "2008.05.17"]

1. e4 c6 2. d4 d5 3. e5 Bf5 4. Nf3 e6 5. Be2 c5 6. c3 Nc6 7. O-O cxd4 8. cxd4
Nge7 9. b3 Bxb1 10. Rxb1 Nf5 11. Bb5 Qb6 12. Bxc6+ Qxc6 13. a3 Be7 14. Bb2 O-O
15. Rc1 Qd7 16. Qd2 Rfc8 17. Rxc8+ Rxc8 18. Rc1 Rc7 19. Rxc7 Qxc7 20. Qc1 Qxc1+
21. Bxc1 Kf8 22. Kf1 f6 23. g4 Nh6 24. exf6 Bxf6 25. g5 Bxd4 26. Nxd4 e5 27.
gxh6 exd4 28. hxg7+ Kxg7 29. Ke2 Kg6 30. Kd3 1-0

[Event "II Festival Capo d'Orso"]
[Site "Portomannu - Palau ITA"]
[Date "2008.05.21"]
[Round "6"]
[White "Salzano, Guido"]
[Black "Djuric, Stefan"]
[Result "0-1"]
[WhiteElo "1981"]
[BlackElo "2460"]
[PlyCount "60"]
[EventDate "2008.05.17"]

1. e4 g6 2. d4 Bg7 3. Nf3 c5 4. Bc4 cxd4 5. Nxd4 Qa5+ 6. c3 Nf6 7. Qe2 Nc6 8.
O-O O-O 9. Nd2 d6 10. Bb3 Bg4 11. f3 Bd7 12. Nc4 Nxd4 13. cxd4 Qa6 14. Be3 d5
15. exd5 Nxd5 16. Bf2 Rac8 17. Rfc1 Be6 18. Qd2 Nf6 19. Qb4 Bh6 20. Ne3 Bxb3
21. Qxb3 Rfd8 22. Rxc8 Rxc8 23. d5 Bf4 24. Nc2 Qe2 25. Nd4 Bxh2+ 26. Kxh2 Qxf2
27. Rd1 Rc5 28. Qxb7 Rxd5 29. Qa8+ Kg7 30. Qxa7 Rh5# 0-1

[Event "II Festival Capo d'Orso"]
[Site "Portomannu - Palau ITA"]
[Date "2008.05.21"]
[Round "6"]
[White "Schacht, Holger"]
[Black "Adrian, Claude"]
[Result "1/2-1/2"]
[WhiteElo "2240"]
[BlackElo "2279"]
[PlyCount "50"]
[EventDate "2008.05.17"]

1. d4 d5 2. c4 e5 3. dxe5 d4 4. Nf3 Nc6 5. g3 Bg4 6. Bg2 Qd7 7. Bf4 Bh3 8. Bxh3
Qxh3 9. Nbd2 O-O-O 10. Qa4 h6 11. Nb3 g5 12. Bd2 Qe6 13. Na5 Nge7 14. Bb4 Nxb4
15. Qxb4 b6 16. Nb3 Nc6 17. Qb5 Bb4+ 18. Kf1 Kb7 19. Kg2 a6 20. Qa4 g4 21.
Nfxd4 Rxd4 22. Nxd4 Nxd4 23. Qxb4 Qc6+ 24. f3 gxf3+ 25. exf3 Qxf3+ 1/2-1/2

[Event "II Festival Capo d'Orso"]
[Site "Portomannu - Palau ITA"]
[Date "2008.05.21"]
[Round "6"]
[White "Spielmann, Alain"]
[Black "Peat, Matthew"]
[Result "1-0"]
[WhiteElo "2308"]
[BlackElo "1681"]
[PlyCount "59"]
[EventDate "2008.05.17"]

1. Nf3 Nf6 2. c4 g6 3. Nc3 Bg7 4. e4 d6 5. d4 O-O 6. Be2 e5 7. O-O Nc6 8. d5
Ne7 9. b4 Ne8 10. c5 f5 11. Ng5 Nf6 12. f3 Kh8 13. Be3 h6 14. Ne6 Bxe6 15. dxe6
d5 16. exd5 Nfxd5 17. Nxd5 Nxd5 18. Qd2 Kh7 19. Rad1 c6 20. Bc4 Qf6 21. Bxd5
Rfd8 22. Bb3 Rxd2 23. Rxd2 f4 24. Bf2 Re8 25. Rd7 Rxe6 26. Bxe6 Qxe6 27. Rxb7
Qxa2 28. h4 Kg8 29. Rd1 Bf8 30. Rdd7 1-0

[Event "II Festival Capo d'Orso"]
[Site "Portomannu - Palau ITA"]
[Date "2008.05.21"]
[Round "6"]
[White "Vita, Fabrizio"]
[Black "Sprotte, Norbert"]
[Result "1/2-1/2"]
[WhiteElo "2082"]
[BlackElo "2217"]
[PlyCount "32"]
[EventDate "2008.05.17"]

1. c4 e6 2. Nc3 Nf6 3. e4 d5 4. e5 d4 5. exf6 dxc3 6. bxc3 Qxf6 7. Nf3 c5 8.
Bd3 Bd6 9. O-O Nc6 10. Be4 Ne5 11. d4 Nxf3+ 12. Bxf3 O-O 13. Rb1 Rd8 14. Be3 e5
15. g3 Bh3 16. Re1 Rab8 1/2-1/2

[Event "II Festival Capo d'Orso"]
[Site "Portomannu - Palau ITA"]
[Date "2008.05.22"]
[Round "7"]
[White "Adrian, Claude"]
[Black "Del Nevo, Claudio"]
[Result "1-0"]
[WhiteElo "2279"]
[BlackElo "1913"]
[PlyCount "97"]
[EventDate "2008.05.17"]

1. c4 d6 2. Nc3 Nf6 3. g3 g6 4. d4 Bg7 5. Nf3 c6 6. Bg2 Nbd7 7. O-O O-O 8. e4
Qc7 9. h3 a6 10. Qc2 b6 11. Re1 e5 12. Be3 Bb7 13. Rac1 Rac8 14. a3 c5 15. dxe5
Nxe5 16. Nxe5 dxe5 17. Rcd1 Rcd8 18. Nd5 Qb8 19. Nxb6 Bxe4 20. Bxe4 Qxb6 21. b4
Nxe4 22. Qxe4 f5 23. Qc2 Rd4 24. bxc5 Qxc5 25. Bxd4 exd4 26. Qd3 f4 27. g4 f3
28. Re6 Qg5 29. Qe4 Qh4 30. Re8 Qxh3 31. Qe6+ Kh8 32. Rxf8+ Bxf8 33. Qe5+ Kg8
34. Qd5+ Kh8 35. Qxd4+ Kg8 36. Qd5+ Kh8 37. Qe5+ Kg8 38. Qg3 Qxg3+ 39. fxg3
Bc5+ 40. Kf1 Kf7 41. Rd5 Bxa3 42. Kf2 Bb4 43. Kxf3 Ke6 44. Ke4 Bd6 45. Ra5 Bxg3
46. Rxa6+ Kd7 47. Kd5 Bf4 48. Ra7+ Bc7 49. g5 1-0

[Event "II Festival Capo d'Orso"]
[Site "Portomannu - Palau ITA"]
[Date "2008.05.22"]
[Round "7"]
[White "Baldi, Giancarlo"]
[Black "Hocevar, Nikola"]
[Result "0-1"]
[WhiteElo "1698"]
[BlackElo "2111"]
[PlyCount "102"]
[EventDate "2008.05.17"]

1. Nf3 c5 2. e3 Nf6 3. d4 g6 4. Bd3 Bg7 5. Nbd2 d6 6. c3 O-O 7. Qe2 Nc6 8. O-O
e5 9. dxe5 Nxe5 10. Nxe5 dxe5 11. e4 Qe7 12. Nf3 h6 13. Re1 Bd7 14. Nd2 Rad8
15. Nf1 Bc6 16. f3 Qd7 17. Bc2 Nh5 18. Be3 b6 19. Rad1 Qe7 20. Rxd8 Rxd8 21.
Rd1 Nf4 22. Rxd8+ Qxd8 23. Qd1 Qxd1 24. Bxd1 Kf8 25. Bc2 Ke7 26. Kf2 Bb5 27.
Ng3 Bd3 28. Bxf4 Bxc2 29. Be3 Ke6 30. Ke2 f5 31. exf5+ gxf5 32. Bd2 Ba4 33. Kf2
Bb5 34. Nh5 Bf8 35. Ng3 Bd3 36. Ne2 c4 37. Be3 f4 38. Bxf4 Bxe2 39. Bxh6 Bxh6
40. Kxe2 Bc1 41. b3 b5 42. g4 Bg5 43. Kd1 e4 44. Ke2 exf3+ 45. Kxf3 Ke5 46. h3
Bd2 47. h4 Bxc3 48. Ke2 Kf4 49. bxc4 bxc4 50. g5 Kg4 51. Ke3 Bg7 0-1

[Event "II Festival Capo d'Orso"]
[Site "Portomannu - Palau ITA"]
[Date "2008.05.22"]
[Round "7"]
[White "Bondielli, Giorgio"]
[Black "Hess, Christian Mathias"]
[Result "0-1"]
[WhiteElo "1927"]
[BlackElo "2281"]
[PlyCount "32"]
[EventDate "2008.05.17"]

1. e4 e6 2. d4 d5 3. e5 c5 4. c3 Nc6 5. Nf3 Qb6 6. a3 Bd7 7. b4 cxd4 8. cxd4
Rc8 9. Bb2 Nh6 10. Bd3 Na5 11. Nc3 Nc4 12. Bxc4 Rxc4 13. Na4 Bxb4+ 14. axb4
Qxb4+ 15. Bc3 Bxa4 16. Bxb4 Bxd1 0-1

[Event "II Festival Capo d'Orso"]
[Site "Portomannu - Palau ITA"]
[Date "2008.05.22"]
[Round "7"]
[White "Bruno, Fabio"]
[Black "Guanciale, Orazio"]
[Result "1-0"]
[WhiteElo "2450"]
[BlackElo "2182"]
[PlyCount "71"]
[EventDate "2008.05.17"]

1. d4 d6 2. Nf3 f5 3. Bf4 Nf6 4. e3 e6 5. h3 Be7 6. c4 Nbd7 7. Nc3 Nf8 8. Bd3
Ng6 9. Bh2 O-O 10. Qc2 Bd7 11. O-O-O a6 12. g4 b5 13. Ng5 bxc4 14. Bxc4 d5 15.
gxf5 dxc4 16. fxg6 h6 17. Nf7 Qc8 18. Ne5 Nd5 19. Bg3 Bb5 20. Qe4 Nxc3 21. bxc3
Ba4 22. Kd2 Bxd1 23. Rxd1 c5 24. Ke1 Bf6 25. Rb1 cxd4 26. exd4 Qd8 27. Nxc4 Qd5
28. Qxd5 exd5 29. Ne3 Rfe8 30. Kd2 Re6 31. Kd3 Bd8 32. Nxd5 Rxg6 33. Rb7 Rc8
34. c4 Kf8 35. c5 Ke8 36. Ke4 1-0

[Event "II Festival Capo d'Orso"]
[Site "Portomannu - Palau ITA"]
[Date "2008.05.22"]
[Round "7"]
[White "Burlando, Alessandro"]
[Black "Simone, Marco"]
[Result "1-0"]
[WhiteElo "2141"]
[BlackElo "1867"]
[PlyCount "67"]
[EventDate "2008.05.17"]

1. d4 Nf6 2. c4 c5 3. d5 b5 4. Nf3 g6 5. Qc2 bxc4 6. e4 d6 7. Bxc4 Bg7 8. O-O
O-O 9. h3 Na6 10. Nc3 Nb4 11. Qe2 a5 12. a3 Na6 13. Bg5 Nd7 14. Nd2 Ne5 15. Bb5
Nc7 16. a4 Nxb5 17. axb5 f6 18. Be3 Bd7 19. f4 Nf7 20. Ra4 Qc7 21. Rfa1 Rfb8
22. Nb3 f5 23. e5 Nxe5 24. fxe5 Bxe5 25. Rxa5 Rxa5 26. Rxa5 c4 27. Ra7 Rb7 28.
b6 Qc8 29. Rxb7 Qxb7 30. Na5 Qb8 31. Qxc4 f4 32. Bf2 Kf7 33. Nc6 Qb7 34. Nd8+
1-0

[Event "II Festival Capo d'Orso"]
[Site "Portomannu - Palau ITA"]
[Date "2008.05.22"]
[Round "7"]
[White "Calandri, Fausto"]
[Black "Mogranzini, Roberto"]
[Result "0-1"]
[WhiteElo "2123"]
[BlackElo "2418"]
[PlyCount "80"]
[EventDate "2008.05.17"]

1. e4 c5 2. Nf3 e6 3. c3 Nf6 4. e5 Nd5 5. d4 cxd4 6. cxd4 d6 7. Bd3 Bd7 8. O-O
Nb4 9. Be2 Bc6 10. Nc3 Nd7 11. Bf4 Bxf3 12. Bxf3 d5 13. Rc1 Be7 14. Be2 Nc6 15.
Be3 a6 16. Qd3 Nb6 17. b3 Ba3 18. Rcd1 Rc8 19. Bc1 Qe7 20. Nb1 Bxc1 21. Rxc1
O-O 22. Qe3 Nd7 23. Rfd1 Rc7 24. f4 Rfc8 25. Rc3 Qb4 26. Kf2 f6 27. exf6 Nxf6
28. Qxe6+ Kh8 29. Bf3 Re8 30. a3 Qf8 31. Qf5 Rce7 32. Qd3 Ne4+ 33. Bxe4 Rxe4
34. g3 Rxd4 35. Qf3 Rxd1 36. Qxd1 Qe7 37. Nd2 d4 38. Rd3 Qxa3 39. Nf3 Qa2+ 40.
Qd2 Nb4 0-1

[Event "II Festival Capo d'Orso"]
[Site "Portomannu - Palau ITA"]
[Date "2008.05.22"]
[Round "7"]
[White "Chiarotto, Filippo"]
[Black "Spielmann, Alain"]
[Result "0-1"]
[WhiteElo "2084"]
[BlackElo "2308"]
[PlyCount "88"]
[EventDate "2008.05.17"]

1. e4 d6 2. d4 Nf6 3. Nc3 g6 4. h3 Bg7 5. g4 c5 6. Bb5+ Bd7 7. e5 Bxb5 8. Nxb5
Qa5+ 9. c3 Qxb5 10. exf6 Bxf6 11. Ne2 h5 12. g5 Bg7 13. a4 Qc6 14. d5 Qd7 15.
Qd3 Na6 16. Bf4 Nc7 17. O-O O-O 18. Kg2 Rad8 19. Ra2 Rfe8 20. Ng3 h4 21. Ne2 e5
22. dxe6 Nxe6 23. b3 d5 24. Bc1 d4 25. c4 Qc6+ 26. Kg1 Bf8 27. f4 Ng7 28. Rf3
Nf5 29. Kf2 Re6 30. Ng1 Rde8 31. Re2 Ng3 32. Rxe6 Qxe6 33. Bd2 Bd6 34. Rxg3
hxg3+ 35. Kxg3 Bc7 36. b4 Qe7 37. Nf3 cxb4 38. Qxd4 Bb6 39. Qd3 Qe2 40. Qxe2
Rxe2 41. Bxb4 Ra2 42. Bd6 Bf2+ 43. Kg4 Rxa4 44. Ne5 Bd4 0-1

[Event "II Festival Capo d'Orso"]
[Site "Portomannu - Palau ITA"]
[Date "2008.05.22"]
[Round "7"]
[White "Cocchi, Andrea"]
[Black "Virzi, Ettore"]
[Result "1-0"]
[WhiteElo "2316"]
[BlackElo "1969"]
[PlyCount "46"]
[EventDate "2008.05.17"]

1. Nf3 Nf6 2. c4 g6 3. Nc3 Bg7 4. d4 O-O 5. Bf4 d6 6. h3 b6 7. e3 Bb7 8. Be2
Nbd7 9. Qc2 e5 10. Bh2 exd4 11. exd4 Re8 12. d5 Nc5 13. O-O Bc8 14. Rad1 Bf5
15. Qc1 Nfe4 16. Nb5 Ng3 17. Bxg3 Rxe2 18. Nfd4 Nd3 19. Rxd3 Bxd3 20. Rd1 a6
21. Rxd3 Re4 22. f3 Re8 23. Nc3 f5 1-0

[Event "II Festival Capo d'Orso"]
[Site "Portomannu - Palau ITA"]
[Date "2008.05.22"]
[Round "7"]
[White "Danieli, Enrico"]
[Black "De Vreugt, Dennis"]
[Result "0-1"]
[WhiteElo "2119"]
[BlackElo "2403"]
[PlyCount "67"]
[EventDate "2008.05.17"]

1. d4 Nf6 2. Nf3 g6 3. e3 Bg7 4. Be2 O-O 5. b3 c5 6. Bb2 cxd4 7. exd4 d5 8. O-O
b6 9. Nbd2 Bb7 10. Ne5 Nc6 11. f4 e6 12. Ndf3 Ne4 13. Nxc6 Bxc6 14. Rc1 b5 15.
Ne5 Qb6 16. Bf3 Rfc8 17. Re1 b4 18. Nxc6 Qxc6 19. Bxe4 dxe4 20. Qd2 Rab8 21. c4
bxc3 22. Rxc3 Qd5 23. Rxc8+ Rxc8 24. Rd1 h6 25. Ba3 g5 26. fxg5 hxg5 27. h3 Rc7
28. Kh2 Rd7 29. Rc1 Bxd4 30. Rc8+ Rd8 31. Rxd8+ Qxd8 32. Be7 e3 33. Qb4 a5 34.
Bxd8 0-1

[Event "II Festival Capo d'Orso"]
[Site "Portomannu - Palau ITA"]
[Date "2008.05.22"]
[Round "7"]
[White "Deruda, Leonardo"]
[Black "Hilarius, Sander"]
[Result "1/2-1/2"]
[WhiteElo "1872"]
[BlackElo "2145"]
[PlyCount "36"]
[EventDate "2008.05.17"]

1. d4 d5 2. Nc3 Nf6 3. Bg5 g6 4. e3 Bg7 5. f4 h6 6. Bh4 O-O 7. Nf3 Nbd7 8. Bd3
c5 9. O-O cxd4 10. exd4 Nb6 11. Ne5 Re8 12. Qf3 Nc4 13. Rfe1 Nxb2 14. Bb5 Rf8
15. g4 a6 16. Bf1 Nc4 17. Rad1 Nxe5 18. dxe5 Bxg4 1/2-1/2

[Event "II Festival Capo d'Orso"]
[Site "Portomannu - Palau ITA"]
[Date "2008.05.22"]
[Round "7"]
[White "Djuric, Stefan"]
[Black "Godena, Michele"]
[Result "1/2-1/2"]
[WhiteElo "2460"]
[BlackElo "2528"]
[PlyCount "71"]
[EventDate "2008.05.17"]

1. e4 e5 2. Nf3 Nc6 3. Bb5 a6 4. Ba4 Nf6 5. O-O b5 6. Bb3 Bc5 7. Nxe5 Nxe5 8.
d4 Bxd4 9. Qxd4 d6 10. c3 c5 11. Qd1 Bb7 12. f3 h6 13. Be3 O-O 14. a4 Qc7 15.
axb5 axb5 16. Rxa8 Rxa8 17. h3 d5 18. exd5 Rd8 19. Na3 Bxd5 20. Bxd5 Nxd5 21.
Qe2 b4 22. Nb5 Qb8 23. Rd1 Nxe3 24. Rxd8+ Qxd8 25. Qxe3 Qd5 26. b3 bxc3 27.
Nxc3 Qd6 28. Ne4 Qd1+ 29. Kh2 Nd7 30. Nd2 Nf8 31. f4 Qc2 32. Ne4 c4 33. b4 Qb1
34. Nd6 Qxb4 35. Qe7 Kh7 36. Qe4+ 1/2-1/2

[Event "II Festival Capo d'Orso"]
[Site "Portomannu - Palau ITA"]
[Date "2008.05.22"]
[Round "7"]
[White "Galassi, Federico"]
[Black "Garcia Palermo, Carlos Horacio"]
[Result "1/2-1/2"]
[WhiteElo "2145"]
[BlackElo "2465"]
[PlyCount "93"]
[EventDate "2008.05.17"]

1. e4 c5 2. Nf3 Nf6 3. Nc3 d5 4. exd5 Nxd5 5. Bc4 Nxc3 6. bxc3 e6 7. O-O Be7 8.
d4 O-O 9. Re1 Nc6 10. Bd3 Bd7 11. Bd2 cxd4 12. cxd4 Nb4 13. Bxb4 Bxb4 14. Re4
Bd6 15. Rh4 f5 16. Rh3 Qf6 17. Qe2 Rac8 18. Bc4 Rfe8 19. Ne5 Bxe5 20. dxe5 Qg5
21. Rd1 Bc6 22. Rg3 Qf4 23. Bb3 Bd5 24. Re3 Bc4 25. Qf3 Qxf3 26. gxf3 Bxb3 27.
cxb3 Kf7 28. Kf1 Re7 29. Ke2 f4 30. Re4 g5 31. h4 h6 32. hxg5 hxg5 33. Rg1 Rc2+
34. Kd3 Rxf2 35. Rxg5 Rd7+ 36. Kc4 Rxf3 37. Rg4 Rd5 38. Rexf4+ Rxf4+ 39. Rxf4+
Ke7 40. Rh4 Kd7 41. Rd4 b5+ 42. Kd3 Kc6 43. Ke4 Rxd4+ 44. Kxd4 b4 45. Kc4 a5
46. Kd4 Kb5 47. Kd3 1/2-1/2

[Event "II Festival Capo d'Orso"]
[Site "Portomannu - Palau ITA"]
[Date "2008.05.22"]
[Round "7"]
[White "Glienke, Manfred"]
[Black "Vita, Fabrizio"]
[Result "1/2-1/2"]
[WhiteElo "2301"]
[BlackElo "2082"]
[PlyCount "51"]
[EventDate "2008.05.17"]

1. e4 c5 2. Nf3 g6 3. c4 Bg7 4. d4 cxd4 5. Nxd4 Qb6 6. Nb3 d6 7. Nc3 Bxc3+ 8.
bxc3 Nf6 9. f3 O-O 10. Qd4 Qc7 11. Bg5 Nc6 12. Qf2 Be6 13. c5 Bxb3 14. axb3 Ne5
15. Be2 Qxc5 16. Qxc5 dxc5 17. O-O Rfd8 18. Rfd1 a6 19. Be3 Rxd1+ 20. Rxd1 Rc8
21. h3 Ned7 22. g4 Nf8 23. g5 Ne8 24. f4 Nd6 25. Bf3 c4 26. b4 1/2-1/2